header

Hitler's bounty hunters (Record no. 38099)

MARC details
000 -LEADER
fixed length control field 01506nam a22003854a 4500
082 04 - DEWEY DECIMAL CLASSIFICATION NUMBER
Classification number 940.53/18/09492
100 1# - MAIN ENTRY--AUTHOR NAME
Personal name Liempt, Ad van.
245 10 - TITLE STATEMENT
Title Hitler's bounty hunters
250 ## - EDITION STATEMENT
Edition statement English ed.
260 ## - PUBLICATION, DISTRIBUTION, ETC. (IMPRINT)
Place of publication New York, N.Y. :
Name of publisher Berg,
Year of publication 2005.
300 ## - PHYSICAL DESCRIPTION
Number of Pages x, 277 p.
650 #0 - SUBJECT ADDED ENTRY--TOPICAL TERM
Topical Term World War, 1939-1945
Topical Term World War, 1939-1945
Topical Term Holocaust, Jewish (1939-1945)
856 40 - ELECTRONIC LOCATION AND ACCESS
Uniform Resource Identifier http://site.ebrary.com/lib/rucke/Doc?id=10233355

No items available.

© 2026 Rongo University
Contact us: librarian | system librarian | Rongo university